Größte Städte in Österreich • A-Z - Statistiken

Allgemein
  • Dieses Quiz wurde 557 mal gespielt
  • Das Durchschnittsergebnis liegt bei 12 aus 20
Antwortstatistiken
# Bevölkerung Österreichische Stadt % Korrekt
W 1.888.776 Wien
98%
G 286.292 Graz
97%
L 204.846 Linz
96%
S 153.377 Salzburg
95%
I 132.493 Innsbruck
94%
K 100.369 Klagenfurt am Wörthersee
88%
B 29.806 Bregenz
81%
D 49.278 Dornbirn
70%
V 61.879 Villach
69%
E 14.476 Eisenstadt
66%
F 33.420 Feldkirch
57%
A 23.656 Amstetten
56%
H 21.150 Hallein
43%
Z 10.908 Zwettl-Niederösterreich
37%
M 20.555 Mödling
36%
J 9.960 Judenburg
31%
R 11.903 Ried im Innkreis
25%
T 24.477 Traun
23%
N 12.879 Neunkirchen
21%
P 15.047 Perchtoldsdorf
12%
Keine übereinstimmenden Quizze gefunden
Verteilung der Resultate
Anzahl Personen mit jedem Resultat
Perzentil nach korrekt beantworteten Fragen
Ihre Resultats-Entwicklung
Sie haben dieses Quiz noch nicht gespielt